书目信息 |
| 题名: |
边界节点法及其应用
|
|
| 作者: | 王福章 , 林继 著 | |
| 分册: | ||
| 出版信息: | 北京 科学出版社 2018 |
|
| 页数: | 164页 | |
| 开本: | 24cm | |
| 丛书名: | ||
| 单 册: | ||
| 中图分类: | O302 | |
| 科图分类: | ||
| 主题词: | 计算力学--ji suan li xue | |
| 电子资源: | ||
| ISBN: | 978-7-03-057167-0 | |
| 000 | 01002nam0 2200277 450 | |
| 001 | 012001001708 | |
| 005 | 20140108170538.0 | |
| 010 | @a978-7-03-057167-0@dCNY78.00 | |
| 099 | @aCAL 012018112795 | |
| 100 | @a20180718d2018 em y0chiy50 ea | |
| 101 | 0 | @achi |
| 102 | @aCN@b110000 | |
| 105 | @aak a 000yy | |
| 106 | @ar | |
| 200 | 1 | @a边界节点法及其应用@Abian jie jie dian fa ji qi ying yong@f王福章, 林继著 |
| 210 | @a北京@c科学出版社@d2018 | |
| 215 | @a164页@c图@d24cm | |
| 320 | @a有书目 (第151-164页) | |
| 330 | @a本书对无网格方法包括区域型无网格法和边界型无网格法的发展进行了较为全面的综述,系统地介绍了对边界节点法的基本理论和相关应用,系统地总结了边界节点法的基本原理、程序实现方法及其典型应用。 | |
| 333 | @a适用于高等院校机械工程、航空航天、计算数学类专业师生及相关读者。 | |
| 606 | 0 | @a计算力学@Aji suan li xue |
| 690 | @aO302@v5 | |
| 701 | 0 | @a王福章@Awang fu zhang@4著 |
| 701 | 0 | @a林继@Alin ji@4著 |
| 801 | 0 | @aCN@b北京卓展@c20191020 |
| 905 | @b1202452-5@dO302@e86@f4 | |
| 边界节点法及其应用/王福章, 林继著.-北京:科学出版社,2018 |
| 164页:图;24cm |
| 使用对象:适用于高等院校机械工程、航空航天、计算数学类专业师生及相关读者。 |
| ISBN 978-7-03-057167-0:CNY78.00 |
| 本书对无网格方法包括区域型无网格法和边界型无网格法的发展进行了较为全面的综述,系统地介绍了对边界节点法的基本理论和相关应用,系统地总结了边界节点法的基本原理、程序实现方法及其典型应用。 |
| ● |
| 相关链接 |
|
|
|
|
正题名:边界节点法及其应用
索取号:O302/86
 
预约/预借
| 序号 | 登录号 | 条形码 | 馆藏地/架位号 | 状态 | 备注 |
| 1 | 1202452 | 212024520 | 第二样本阅览室/ [索取号:O302/86] | 在馆 | |
| 2 | 1202453 | 212024539 | 第三借阅区/ [索取号:O302/86] | 在馆 | |
| 3 | 1202454 | 212024548 | 第三借阅区/ [索取号:O302/86] | 在馆 | |
| 4 | 1202455 | 212024557 | 第三借阅区/ [索取号:O302/86] | 在馆 |